ბათუმის შოთა რუსთაველის სახელმწიფო უნივერსიტეტის ბიბლიოთეკა

გზამკვლევების კრებული სპორტის სახეობებში ზოგადსაგანმანლო დაწესებულებებისათვის (ბიბ.ჩანაწერი № 34614)

000 -LEADER
fixed length control field 00769nam a2200205Ia 4500
001 - CONTROL NUMBER
control field 376
003 - CONTROL NUMBER IDENTIFIER
control field GE_BSU
008 - FIXED-LENGTH DATA ELEMENTS--GENERAL INFORMATION
fixed length control field 181216s||||||||xx |||||||||||||| ||und||
020 ## - INTERNATIONAL STANDARD BOOK NUMBER
International Standard Book Number 9789941027277
040 ## - CATALOGING SOURCE
Transcribing agency GE_BSU
080 ## - UNIVERSAL DECIMAL CLASSIFICATION NUMBER
Universal Decimal Classification number 796(072)
245 ## - TITLE STATEMENT
Title გზამკვლევების კრებული სპორტის სახეობებში ზოგადსაგანმანლო დაწესებულებებისათვის
245 ## - TITLE STATEMENT
Remainder of title (VII-XII კლასებში)
260 ## - PUBLICATION, DISTRIBUTION, ETC.
Place of publication, distribution, etc. თბილისი
260 ## - PUBLICATION, DISTRIBUTION, ETC.
Date of publication, distribution, etc. 2010
300 ## - PHYSICAL DESCRIPTION
Extent 216გვ.
653 ## - INDEX TERM--UNCONTROLLED
Uncontrolled term გზამკვლევების კრებული სპორტის სახეობებში
942 ## - ADDED ENTRY ELEMENTS (KOHA)
Koha item type წიგნი
ეგზემპლარები
Withdrawn status Lost status Damaged status Not for loan Date acquired Barcode Date last seen Price effective from Koha item type
        2018-12-17 1111 2018-12-17 2018-12-17 წიგნი